| 000 | 01046cab a22002055a 4500 | ||
|---|---|---|---|
| 001 | L143317 | ||
| 008 | 080424e20080421xxkad f s 000 0 eng d | ||
| 035 | _a(Sirsi) u143317 | ||
| 041 | 0 | _aeng | |
| 110 | 2 |
_aEuroProperty _91216 |
|
| 245 | 0 | 0 | _aAustria and Switzerland |
| 260 | _c2008 | ||
| 490 | 0 |
_aEuroProperty _v21 April 2008, 31-35(5) |
|
| 520 | _aReports that despite the fact that the credit crunch will eventually impact on isolated markets, they are still appealing to investors seeking safer opportunities. Discusses the prospects for the Austrian economy and the office market. Finds that vacancy rates have been falling sharply and will be 5.2% at the end of 2007. Finds that prime office rents are amongst the lowest in Europe. Reports that Switzerland is simplifying its bureaucracy. As a result, together with its good economy and limited supply, it is popular with investors. | ||
| 590 | _aKA | ||
| 651 | 4 | _aAustria | |
| 651 | 4 | _aSwitzerland | |
| 690 | _aPROPERTY-COMMERCIAL PROPERTY-COMMERCIAL PROPERTY MARKET | ||
| 942 | _n0 | ||
| 999 |
_c80135 _d80135 |
||